| 000 | 00374nam a2200145Ia 4500 | ||
|---|---|---|---|
| 008 | 230312s9999||||xx |||||||||||||| ||und|| | ||
| 020 | _a978-93-86286-01 | ||
| 082 |
_a621.31 _bKAL-P |
||
| 100 | _aKalam;Akhtar | ||
| 245 | 0 | _aPower System Protection and Communications | |
| 260 |
_bNew Age _aIndia _c2017 |
||
| 300 | _a379 | ||
| 650 |
_aEngineering _vElectrical |
||
| 942 | _cBK | ||
| 999 |
_c14141 _d14141 |
||